<?xml version="1.0" encoding="UTF-8"?><?xml-stylesheet type="text/xsl" href="static/style.xsl"?><OAI-PMH xmlns="http://www.openarchives.org/OAI/2.0/" xmlns:xsi="http://www.w3.org/2001/XMLSchema-instance" xsi:schemaLocation="http://www.openarchives.org/OAI/2.0/ http://www.openarchives.org/OAI/2.0/OAI-PMH.xsd"><responseDate>2026-04-14T05:43:04Z</responseDate><request verb="GetRecord" identifier="oai:www.recercat.cat:10230/60539" metadataPrefix="marc">https://recercat.cat/oai/request</request><GetRecord><record><header><identifier>oai:recercat.cat:10230/60539</identifier><datestamp>2025-12-24T08:40:59Z</datestamp><setSpec>com_2072_6</setSpec><setSpec>col_2072_452952</setSpec></header><metadata><record xmlns="http://www.loc.gov/MARC21/slim" xmlns:dcterms="http://purl.org/dc/terms/" xmlns:xsi="http://www.w3.org/2001/XMLSchema-instance" xmlns:doc="http://www.lyncode.com/xoai" xsi:schemaLocation="http://www.loc.gov/MARC21/slim http://www.loc.gov/standards/marcxml/schema/MARC21slim.xsd">
   <leader>00925njm 22002777a 4500</leader>
   <datafield ind2=" " ind1=" " tag="042">
      <subfield code="a">dc</subfield>
   </datafield>
   <datafield ind2=" " ind1=" " tag="720">
      <subfield code="a">Gorbaneva, Polina</subfield>
      <subfield code="e">author</subfield>
   </datafield>
   <datafield ind2=" " ind1=" " tag="260">
      <subfield code="c">2024-06-20T07:06:40Z</subfield>
   </datafield>
   <datafield ind2=" " ind1=" " tag="260">
      <subfield code="c">2024-06-20T07:06:40Z</subfield>
   </datafield>
   <datafield ind2=" " ind1=" " tag="260">
      <subfield code="c">2021</subfield>
   </datafield>
   <datafield ind2=" " ind1=" " tag="520">
      <subfield code="a">Una de las manifestaciones del mito del &amp;quot;hombre nuevo&amp;quot; soviético es la figura del preso &amp;quot;reforjado&amp;quot;. En el Gulag del Canal del mar Blanco- mar Báltico surgió por primera vez el término “reforja” o “re-herraje” (perekovka): apelación a la maleabilidad del alma humana, que podía ser re-herrada para un nuevo propósito. El presente artículo examina el origen de este mito en el primer campo de trabajos forzados de la historia: el Campo de Propósitos Especiales de Solovkí  (1923 - 1936). Analizaremos la narrativa de la reforma que surgió en este campo a partir del análisis de la revista literaria Solovetskie Ostrová (Las Islas Solovkí). Los textos propagandísticos que se publicaron en esta revista fueron escritos por los prisioneros intelectuales (intelligentsia pre-revolucionaria) que observaban a los prisioneros comunes del campo (ladrones y criminales de los bajos fondos). Una de las características fundamentales de la narrativa que desarrollaban estos textos es que se centraba en una mirada teleológica que buscaba ver, a través de lo que &amp;quot;es&amp;quot;, aquello que &amp;quot;debía ser&amp;quot;: traspasaba la imagen del criminal ordinario para ver al potencial “hombre nuevo”. El presente artículo estudia cómo esta narrativa fundó una tipología arquetipal y un proto canon, que es posible reconocer como base del “realismo socialista”.</subfield>
   </datafield>
   <datafield tag="653" ind2=" " ind1=" ">
      <subfield code="a">Solovkí</subfield>
   </datafield>
   <datafield tag="653" ind2=" " ind1=" ">
      <subfield code="a">Trabajos forzados</subfield>
   </datafield>
   <datafield tag="653" ind2=" " ind1=" ">
      <subfield code="a">Reforma del preso</subfield>
   </datafield>
   <datafield tag="653" ind2=" " ind1=" ">
      <subfield code="a">Intelligentsia</subfield>
   </datafield>
   <datafield tag="653" ind2=" " ind1=" ">
      <subfield code="a">Gulag del Canal del Mar Blanco-Mar Báltico</subfield>
   </datafield>
   <datafield ind2="0" ind1="0" tag="245">
      <subfield code="a">Intelligentsia y criminales: el surgimiento de la narrativa de la reforma en Solovkí (primer campo de trabajos forzados soviético</subfield>
   </datafield>
</record></metadata></record></GetRecord></OAI-PMH>